<?xml version="1.0" encoding="UTF-8"?><?xml-stylesheet type="text/xsl" href="static/style.xsl"?><OAI-PMH xmlns="http://www.openarchives.org/OAI/2.0/" xmlns:xsi="http://www.w3.org/2001/XMLSchema-instance" xsi:schemaLocation="http://www.openarchives.org/OAI/2.0/ http://www.openarchives.org/OAI/2.0/OAI-PMH.xsd"><responseDate>2026-04-27T20:05:56Z</responseDate><request verb="GetRecord" identifier="oai:uvadoc.uva.es:10324/43317" metadataPrefix="marc">https://uvadoc.uva.es/oai/request</request><GetRecord><record><header><identifier>oai:uvadoc.uva.es:10324/43317</identifier><datestamp>2025-07-30T20:00:41Z</datestamp><setSpec>com_10324_30605</setSpec><setSpec>com_10324_894</setSpec><setSpec>col_10324_41</setSpec></header><metadata><record xmlns="http://www.loc.gov/MARC21/slim" xmlns:doc="http://www.lyncode.com/xoai" xmlns:xsi="http://www.w3.org/2001/XMLSchema-instance" xmlns:dcterms="http://purl.org/dc/terms/" xsi:schemaLocation="http://www.loc.gov/MARC21/slim http://www.loc.gov/standards/marcxml/schema/MARC21slim.xsd">
<leader>00925njm 22002777a 4500</leader>
<datafield tag="042" ind1=" " ind2=" ">
<subfield code="a">dc</subfield>
</datafield>
<datafield tag="720" ind1=" " ind2=" ">
<subfield code="a">González Valdivieso, Juan</subfield>
<subfield code="e">author</subfield>
</datafield>
<datafield tag="260" ind1=" " ind2=" ">
<subfield code="c">2020</subfield>
</datafield>
<datafield tag="520" ind1=" " ind2=" ">
<subfield code="a">A pesar de los numerosos avances en la biomedicina, aún hay algunos problemas sin resolver. Una de esas limitaciones es la baja especificidad de los agentes terapéuticos con efectos secundarios no deseados en tejidos sanos. Por eso, son necesarias nuevas estrategias para conseguir una acción efectiva en las células diana. A lo largo de los años, los biomateriales avanzados han emergido como una de las herramientas más prometedoras para incrementar la eficacia terapéutica y la biocompatibilidad, con la habilidad de imitar las propiedades y características de las macromoléculas naturales para su uso en aplicaciones biomédicas, como la ingeniería de tejidos o la dosificación de fármacos. Entre los biomateriales novedosos, encontramos los recombinámeros tipo elastina (ELRs).&#xd;
Esta Tesis Doctoral describe nuevos biomateriales basados en ELR como una estrategia prometedora para aplicaciones biomédicas y su uso potencial como herramientas terapéuticas frente a múltiples enfermedades.</subfield>
</datafield>
<datafield tag="024" ind2=" " ind1="8">
<subfield code="a">http://uvadoc.uva.es/handle/10324/43317</subfield>
</datafield>
<datafield tag="024" ind2=" " ind1="8">
<subfield code="a">10.35376/10324/43317</subfield>
</datafield>
<datafield ind1=" " ind2=" " tag="653">
<subfield code="a">Elastina</subfield>
</datafield>
<datafield ind1=" " ind2=" " tag="653">
<subfield code="a">Biomateriales</subfield>
</datafield>
<datafield tag="245" ind1="0" ind2="0">
<subfield code="a">Advanced nanodevices based on Elastin-like Recombinamers as smart drug delivery systems for biomedical applications</subfield>
</datafield>
</record></metadata></record></GetRecord></OAI-PMH>